000 00589 a2200181 4500
999 _c8259
_d8259
020 _a1853591181 :
020 _a1853591173 (pbk.) :
050 0 0 _aP306 NEW 1991
100 1 _aNewmark, Peter,
_d1916-
245 1 0 _aAbout translation /
_cPeter Newmark.
264 _aClevedon:
_bMultilingual Matters Ltd,
_c1991
300 _aviii, 184 p. ;
440 _aMultilingual matters 74 series edited by John Edwards
500 _aincludes index
504 _aIncludes bibliographical references (p. 175-178) and index.
650 0 _aTranslating and interpreting.
942 _2lcc
_cBK
_h306
_iNEW
_kP